The visual story : creating the structure of film, television, and visual media

Αποθηκεύτηκε σε:
Λεπτομέρειες βιβλιογραφικής εγγραφής
Κύριος συγγραφέας: Block, Bruce A.
Μορφή: Βιβλίο
Γλώσσα:English
Δημοσίευση: Amsterdam : Elsevier/Focal Press, 2008
Έκδοση:2nd ed.
Θέματα:
Ετικέτες: Προσθήκη ετικέτας
Δεν υπάρχουν, Καταχωρήστε ετικέτα πρώτοι!

MARC

LEADER 00000nam a2200000 i 4500
001 1/101908
008 090227s2008 eng d
020 |a 978-0-240-80779-9 
035 |l 10103452 
040 |a GR-MY-UA  |b gre  |e aacr 
041 0 |a eng 
082 0 |a 778.53  |2 (22) 
100 1 |a Block, Bruce A. 
245 1 4 |a The visual story :  |b creating the structure of film, television, and visual media /  |c Bruce Block 
250 |a 2nd ed. 
260 |a Amsterdam :   |b Elsevier/Focal Press,   |c 2008 
300 |a xii, 297 σ.;  |b έγχρ. εικ.;  |c 26 εκ. 
504 |a Βιβλιογραφία: σ. 290-291 
504 |a Ευρετήριο: σ. [293]-297 
650 0 0 |a Cinematography. 
650 0 0 |a Video recording. 
650 0 0 |a Visual communication  |x Technique. 
650 0 0 |a Motion pictures  |x Production and direction. 
852 |a INST  |b LESVOS  |e 20090227  |h 778.53 BLO  |p 005100043996  |q 005100043996  |t BK  |y 0 
901 |a BIBL1-2009-1 
909 |a Λ  |b 154005 
922 |a 1ΕΛΗ  |b 200809  |c ΕΠΕΑΕΚ2/ΠΤΕ  |d ΜΙΧΑΛΟΠΟΥΛΟΣ 
970 |a ΚΑΡΑ  |b ΓΙΑΣΕΜΗ  |z 2009/02/27